000 00608nam a2200241 a 4500
001 0001-0993
003 ELIB.Books
008 141014 2010 eng
020 _a0553286323
035 _a(ELIB.Books)0001-1147
092 _a261.835
_bGar
100 _aGardner, Richard A.
245 _a The Parents Book About Divorce
260 _aNew York
_bBantam Books
_c1991
300 _a393
_c17.5 Cm
500 _aDr. Yahalaylayla
650 _aDivorce
856 _nKBTS; Library
_uKBTS; Elib.
942 _2ddc
_cBK
990 _a1
998 _cbat
_e2014-10-14
999 _c10993
_d10993